000 00455cam a2200193 4500
001 D12445
008 090401t1945 xxu||||| |||| 00| 0 eng d
035 _a(Sirsi) u3573
041 _aeng
050 _a333.332
100 _aCollier, Ronald
245 _aValuation for war damage and town planning compensation
250 _a2nd
260 _bButterworth and Co
_c1945
350 _a0
520 _aShelf 114
942 _n0
948 _c04/03/1997
999 _c85902
_d85902